1946 1337 1960 1896 1354 1524 1293 1206 1182 1452 1438 1735 1001 1711 1329 1908 1305 1251 1627 1950 1605 1049 1201 1997 1728 1078 1660 1928 1445 1053 1089 1050 1206 1661 1449 1813 1083 1953 1117 1669 1397 1011 1560 1718 1577 1780 1733 1062 1131 1771 1332 1636 1446 1701 1537 1409 1117 1991 1359 1683 1480 1603 1293 1151 1387 1005 1506 1134 1229 1516 1204 1700 1345 1999 1400 1641 1144 1093 1909 1863 1166 1014 1510 1626 1984 1505 1066 1510 1896 1116 1190 1175 1001 1774 1513 1204 1505 1353 1367 BCNSPRNW ULIB Ver.6.0+V

เปลี่ยนเป็นภาษาไทย

Change to English
 แสดงรายละเอียดบรรณานุกรม
  กลับหน้าหลัก

Brief Record : Get Marc (ISO 2709) : E-mail record : QR code < ปิดหน้าต่าง
LEADER : 00000nam 2200000uu 4500
001    13399112085
003     ULIB
008    110726s2540||||th 000 0 tha d
020    9745847852
050  4 BF637.C6^bบ895ค 2540
100 1  แบรี่, จีน
245 10 คู่มือการฝึกทักษะให้การปรึกษา =^bTraining handbook for counselling skills /^cจีน แบรี่
246 31 Training handbook for counselling skills
250    พิมพ์ครั้งที่ 4
260    กรุงเทพฯ :^b21 เซ็นจูรี่,^c2540
300    80 หน้า ;^c21 ซม.
650  4 การแนะแนว
650  4 การให้คำปรึกษา
945    ^p0^l0^i029121
995    ทศพร
999 ^a ทศพร
รายการนี้ยังไม่มีแท็ก
คุณยังไม่ได้ล็อกอิน คุณสามารถมีกิจกรรมร่วมกับเว็บไซต์ได้ แต่ต้องล็อกอินก่อน ::
  ล็อกอิน

รายการสื่อสารสนเทศ

ลำดับที่ ประเภท เลขเรียก/บาร์โค้ด สถานที่ สถานะ
- ไม่พบข้อมูล -

รายการใกล้เคียง
    หัวเรื่อง [การแนะแนว]
    หัวเรื่อง [การให้คำปรึกษา]

BibComment


ยังไม่เคยถูกคอมเมนท์

คอมเมนท์ทรัพยากรรายการนี้
  คอมเมนท์: คู่มือการฝึกทักษะ..


 Copyright 2026. Bcnsprnw @Library